| 000 | 00409nam a22001457a 4500 | ||
|---|---|---|---|
| 999 |
_c9192 _d9192 |
||
| 003 | GBCCL | ||
| 005 | 20241126110707.0 | ||
| 008 | 220427b ||||| |||| 00| 0 eng d | ||
| 040 | _cgbc | ||
| 082 |
_aSOU LUN _b1997 |
||
| 245 |
_aLungthul (e) ECC Golden jubilee laibu : _b1947-1997 / _cedited by M Vumhao |
||
| 260 |
_aLungthul (E) : _bGolden jubilee committee, _c1997. |
||
| 300 | _a72 pages | ||
| 942 |
_2ddc _cARCH |
||